000 00583nam a2200229Ia 4500
005 20230421112007.0
008 230125s9999 xx 000 0 und d
020 _a9789352131488
041 _aeng
082 _a658.421
_bSIN
100 _aSingh D
245 _aThe Entrepreneurial Outlook : Hacking The Code Of Success
250 _a1st Ed.
260 _c2015
_bShroff publisher and distributors
_aMumbai
300 _a237p
500 _aEntrepreneurship
650 _aEntrepreneurship
_9109338
700 _aSingh D
906 _b119
942 _cBK
999 _c96240
_d96240